书目信息 |
| 题名: |
创意空间
|
|
| 作者: | 薛健 撰文/摄影 | |
| 分册: | ||
| 出版信息: | 济南 山东科学技术出版社 2006 |
|
| 页数: | 218页 | |
| 开本: | 29cm | |
| 丛书名: | 景观与环境设计丛书 | |
| 单 册: | ||
| 中图分类: | TU-856 | |
| 科图分类: | ||
| 主题词: | 建筑设计--环境设计--世界--摄影集 , 建筑设计 , 环境设计 | |
| 电子资源: | ||
| ISBN: | 7-5331-4193-8 | |
| 000 | 01005nam 2200313 450 | |
| 001 | 200805000270 | |
| 005 | 20060615095432.0 | |
| 010 | @a7-5331-4193-8@b精装@dCNY148.00 | |
| 035 | @a003023553 | |
| 100 | @a20050119d2006 em y0chiy0110 ea | |
| 101 | 0 | @achi |
| 102 | @aCN@b370000 | |
| 105 | @aa z 000yy | |
| 106 | @ar | |
| 200 | 1 | @a创意空间@Achuang yi kong jian@f薛健撰文/摄影 |
| 210 | @a济南@c山东科学技术出版社@d2006 | |
| 215 | @a218页@c图@d29cm | |
| 225 | 2 | @a景观与环境设计丛书 |
| 312 | @a封面英文题名:Land scape | |
| 330 | @a本书收录空间设计包括:大型公共建筑空间;商业空间;酒店空间;餐饮空间;娱乐空间;园林建筑空间;建筑檐廊、走廊、梯廊空间;宗教建筑空间。 | |
| 461 | 0 | @12001 @a景观与环境设计丛书 |
| 510 | 1 | @aLand scape@zeng |
| 606 | 0 | @a建筑设计@x环境设计@y世界@j摄影集 |
| 606 | 0 | @a建筑设计 |
| 606 | 0 | @a环境设计 |
| 690 | @aTU-856@v4 | |
| 701 | 0 | @a薛健@Axue jian@c(高级建筑师,@f1960.1~)@4撰文/摄影 |
| 801 | 0 | @aCN@c20060616 |
| 905 | @b20653995-96@dTU-856@eX950 | |
| 创意空间/薛健撰文/摄影.-济南:山东科学技术出版社,2006 |
| 218页:图;29cm.-(景观与环境设计丛书) |
| ISBN 7-5331-4193-8(精装):CNY148.00 |
| 本书收录空间设计包括:大型公共建筑空间;商业空间;酒店空间;餐饮空间;娱乐空间;园林建筑空间;建筑檐廊、走廊、梯廊空间;宗教建筑空间。 |
| ● |
| 相关链接 |
|
|
|
正题名:创意空间
索取号:TU-856/X950
 
预约/预借
| 序号 | 登录号 | 条形码 | 馆藏地/架位号 | 状态 | 备注 |
| 1 | 653995 | 206539959 | 建筑库101/101建筑库 19排1列2层/ [索取号:TU-856/X950] | 在馆 | |
| 2 | 653996 | 206539968 | 建筑库101/101建筑库 19排1列2层/ [索取号:TU-856/X950] | 在馆 |